书目信息 |
| 题名: |
城市建设档案著录原理及示例
|
|
| 作者: | 周健民 , 姜中桥 编著 | |
| 分册: | ||
| 出版信息: | 北京 中国建筑工业出版社 2005.07 |
|
| 页数: | 186页 | |
| 开本: | 21cm | |
| 丛书名: | ||
| 单 册: | ||
| 中图分类: | G275.2 | |
| 科图分类: | ||
| 主题词: | 城市建设--技术档案--档案编目--中国 | |
| 电子资源: | ||
| ISBN: | 7-112-07402-9 | |
| 000 | 00916nam0 2200229 450 | |
| 001 | 010241055187 | |
| 005 | 20050823140502.44 | |
| 010 | @a7-112-07402-9@d13.00CNY | |
| 100 | @a20050816d2005 km y0chiy0120 ea | |
| 101 | 0 | @achi |
| 102 | @aCN@b110000 | |
| 105 | @ak z 000yy | |
| 200 | 1 | @a城市建设档案著录原理及示例@Acheng shi jian she dang an zhu lu yuan li ji shi li@f周健民, 姜中桥编著@Fzhou jian min,jiang zhong qiao bian zhu |
| 210 | @a北京@c中国建筑工业出版社@d2005.07 | |
| 215 | @a186页@d21cm | |
| 330 | @a本书是为配合《城市建设档案著录规范》 GB/T 50323-2001的顺利实施而编写的。开篇简要介绍了城建档案著录的意义、基本原理及一般规则,并对该规范产生的背景、制定过程及必要性作了阐述。 | |
| 606 | 0 | @a城市建设@x技术档案@x档案编目@y中国 |
| 690 | @aG275.2@v4 | |
| 701 | 0 | @a周健民@Azhou jian min@4编著 |
| 701 | 0 | @a姜中桥@Ajiang zhong qiao@4编著 |
| 801 | 0 | @aCN@bQSSK@c20050823 |
| 905 | @a10447@dG275.2@eZ774 | |
| 城市建设档案著录原理及示例/周健民, 姜中桥编著.-北京:中国建筑工业出版社,2005.07 |
| 186页;21cm |
| ISBN 7-112-07402-9:13.00CNY |
| 本书是为配合《城市建设档案著录规范》 GB/T 50323-2001的顺利实施而编写的。开篇简要介绍了城建档案著录的意义、基本原理及一般规则,并对该规范产生的背景、制定过程及必要性作了阐述。 |
| ● |
| 相关链接 |
|
|
|
正题名:城市建设档案著录原理及示例
索取号:G275.2/Z774
 
预约/预借
| 序号 | 登录号 | 条形码 | 馆藏地/架位号 | 状态 | 备注 |
| 1 | 565181 | 205651819 | 社科库409/409社科库 60排3列2层/ [索取号:G275.2/Z774] | 在馆 |